Sino-Korean Names for Japanese Prefectures - Statistics

General Stats
  • This quiz has been taken 66 times
  • The average score is 27 of 47
Answer Stats
Sino-Korean Romanization Answer % Correct
기부 Gibu Gifu
93%
군마 Gunma Gunma
93%
동경 Donggyeong Tōkyō
77%
고지 Goji Kōchi
74%
대판 Daepan Ōsaka
74%
애지 Aeji Aichi
72%
광도 Gwangdo Hiroshima
72%
북해도 Bukhaedo Hokkaidō
72%
경도 Gyeongdo Kyōto
72%
강산 Gangsan Okayama
72%
대분 Daebun Ōita
70%
부산 Busan Toyama
70%
녹아도 Nogado Kagoshima
67%
복강 Bokgang Fukuoka
65%
삼중 Samjung Mie
65%
내량 Naeryang Nara
65%
덕도 Deokdo Tokushima
65%
병고 Byeonggo Hyōgo
63%
산형 Sanhyeong Yamagata
63%
복도 Bokdo Fukushima
60%
신내천 Sinnaecheon Kanagawa
58%
복정 Bokjeong Fukui
56%
궁성 Gungseong Miyagi
56%
궁기 Gunggi Miyazaki
56%
화가산 Hwagasan Wakayama
56%
산구 Sangu Yamaguchi
56%
애원 Aewon Ehime
53%
산리 Salli Yamanashi
53%
석천 Seokcheon Ishikawa
51%
장야 Jang'ya Nagano
51%
좌하 Jwaha Saga
51%
기옥 Giok Saitama
51%
장기 Janggi Nagasaki
49%
웅본 Ungbon Kumamoto
47%
신석 Sinseok Niigata
47%
천엽 Cheonyeop Chiba
44%
암수 Amsu Iwate
44%
자하 Jaha Shiga
44%
도근 Dogeun Shimane
44%
정강 Jeonggang Shizuoka
42%
회목 Hoemok Tochigi
42%
청삼 Cheongsam Aomori
40%
추전 Chujeon Akita
37%
자성 Jaseong Ibaraki
37%
조취 Jochwi Tottori
37%
향천 Hyangcheon Kagawa
35%
충승 Chungseung Okinawa
33%
No matching quizzes found
Score Distribution
Percent of People with Each Score
Percentile by Number Answered
Your Score History
You have not taken this quiz